Acercamiento a la Patología del Paciente (Registro nro. 35696)

Detalles MARC
000 -CABECERA
Longitud fija campo de control 00762nam a2200193 4500
003 - • IDENTIFICADOR DELl NÚMERO DE CONTROL
Identificador del número de control CO-ViMGA
020 ## - • NÚMERO INTERNACIONAL NORMALIZADO PARA LIBROS
Número Internacional Normalizado para Libros (ISBN) 9789587753073
040 ## - FUENTE DE LA CATALOGACIÓN
Centro catalogador de origen CO-ViMGA
Lengua de catalogación spa
Centro transcriptor CO-ViMGA
082 04 - • NÚMERO DE LA CLASIFICACIÓN DECIMAL DEWEY
Número de clasificación (R) 616
Número del ítem S88a
100 1# - • PUNTO DE ACCESO PRINCIPAL-NOMBRE DE PERSONA
Nombre de persona Saavedra Trujillo, Carlos Alberto
Fechas asociadas al nombre 1967
245 10 - • TITULO PROPIAMENTE DICHO
Título Acercamiento a la Patología del Paciente
Resto del título Un abordaje desde la historia clínica orientada por problemas y por la medicina basada en la evidencia.
Mención de responsabilidad, etc. Carlos Humberto, Saavedra Trujillo
300 ## - • DESCRIPCIÓN FÍSICA
Extensión 240
Otras características físicas il. ; 24 cms
490 ## - • MENCIÓN DE SERIE
Mención de serie Medicina Clinica
500 ## - • NOTA GENERAL
Nota general Referencias bibliografias
504 ## - • NOTA DE BIBLIOGRAFÍA, ETC
Nota de bibliografía, etc. Incluye bibliografia
650 14 - • PUNTO DE ACCESO ADICIONAL DE MATERIA - TÉRMINO DE MATERIA
Término de materia o nombre geográfico como elemento inicial Historias Clinicas
Subdivisión de forma Medicina basada en evidencia
942 ## - ENTRADA DE ELEMENTOS AGREGADOS (KOHA)
Koha [por defecto] tipo de item LIbro
Fuente de clasificaión o esquema Dewey Decimal Classification
Existencias
Perdido Fuente de clasificación o esquema Estado Físico No para préstamo Forma de adquisición Localización permanente Localización actual Fecha adquisición Coste, precio normal de compra Préstamos totales Signatura completa Código de barras Fecha última consulta Número de copia Fecha del precio de reemplazo Tipo de item de Koha Localización en estanterías
  Dewey Decimal Classification     Colección General Biblioteca Pública Puerto López - Jorge Eliecer Gaitán Biblioteca Pública Puerto López - Jorge Eliecer Gaitán 06/25/2025     616 S88a PLZ02442 06/25/2025 Ej.1 06/25/2025 LIbro General
  Dewey Decimal Classification     Sala Especializada Tercer Piso Biblioteca Pública Germán Arciniegas - Villavicencio Biblioteca Pública Germán Arciniegas - Villavicencio 08/24/2016 15870.00   606 S88 30453 08/24/2016 Ej. 1 08/24/2016 Libro Referencia  









Instituto Departamental de Cultura del Meta - Red Departamental de Bibliotecas Públicas del Meta.